000 00282nam a22001337a 4500
008 170324b xxu||||| |||| 00| 0 eng d
020 _a9780070877535
041 _aeng
080 _a615.83
100 _a8
101 _aSHM
245 _aFIT AND WELL
_cFAHEY.TH.D
942 _2udc
_cBK
999 _c8559
_d8559